Thi pháp của huyền thoại
Những lý thuyết mới nhất về huyền thoại và cách tiếp cận văn học từ góc độ nghi lễ - huyền thoại. Những hình thức cổ điển của huyền thoại và sự thể hiện chúng trong truyện kể dân gian. "Chủ nghĩa huyền thoại" trong văn học thế kỷ 20...
محفوظ في:
| المؤلف الرئيسي: | |
|---|---|
| مؤلفون آخرون: | , |
| التنسيق: | كتاب |
| اللغة: | Vietnamese |
| منشور في: |
H.
Đại học Quốc gia Hà Nội
2004
|
| الموضوعات: | |
| الوسوم: |
إضافة وسم
لا توجد وسوم, كن أول من يضع وسما على هذه التسجيلة!
|
| Thư viện lưu trữ: | Mạng thư viện Đại học Đà Nẵng |
|---|
| LEADER | 01587nam a2200397 4500 | ||
|---|---|---|---|
| 001 | 000004377 | ||
| 003 | 516 | ||
| 005 | 20121211001223.0 | ||
| 008 | 110720s2004 viesd | ||
| 020 | |c 50500 | ||
| 041 | 0 | |a vie | |
| 082 | |a 398. 2 |b ME-E | ||
| 100 | 0 | |a Meletinsky, E.M. | |
| 245 | 0 | |a Thi pháp của huyền thoại |c E.M. Meletinsky ; Dịch: Trần Nho Thìn, Song Mộc | |
| 260 | |a H. |b Đại học Quốc gia Hà Nội |c 2004 | ||
| 300 | |a 566 tr |c 21 cm | ||
| 504 | |a Thư mục: tr. 511 | ||
| 520 | |a Những lý thuyết mới nhất về huyền thoại và cách tiếp cận văn học từ góc độ nghi lễ - huyền thoại. Những hình thức cổ điển của huyền thoại và sự thể hiện chúng trong truyện kể dân gian. "Chủ nghĩa huyền thoại" trong văn học thế kỷ 20 | ||
| 653 | |a Nghiên cứu văn học | ||
| 653 | |a Thi pháp | ||
| 653 | |a Thơ ca | ||
| 653 | |a Văn học dân gian | ||
| 653 | |a Truyện huyền thoại | ||
| 700 | |a Trần Nho Thìn |e Dịch | ||
| 700 | |a Song mộc |e Dịch | ||
| 910 | |a Nguyễn Thị Kim Oanh |d 20/ 07/ 2011 | ||
| OWN | |a LSP | ||
| AVA | |a UDN50 |b LSP |d 398. 2 ME-E |e available |t Error 5001 Not defined in file expand_doc_bib_avail. |f 2 |g 0 |h N |i 0 |k 1 | ||
| 999 | |a From the UDN01 | ||
| AVA | |a UDN50 |b LSP |d 398. 2 ME-E |e available |t Error 5001 Not defined in file expand_doc_bib_avail. |f 2 |g 0 |h N |i 0 |k 1 | ||
| TYP | |a Monograph | ||
| TYP | |a Printed language | ||
| 980 | |a Mạng thư viện Đại học Đà Nẵng | ||